000 00521nam a2200181Ia 4500
005 20250326124147.0
008 250326s9999 xx 000 0 und d
037 _aTextbook
040 _aFMSL
_beng
_cFMSL
041 _aeng
_2eng
084 _aX:51 L6;7;1
_qFMSL
100 _aFitzroy P T
_9736892
245 0 _aAnalytical methods for marketing management
_cFitzroy P T
260 _aNew Delhi
_bNew Delhi, McGraw-Hill
_c1976
300 _a336p
942 _cTB
_hX:51 L6;7;1
999 _c1272540
_d1272540